Aprenda ya Microsoft ASP.NET (Registro nro. 2008)

Detalles MARC
000 -CABECERA
campo de control de longitud fija 00599aam a2200217 4500
005 - FECHA Y HORA DE ACTUALIZACIÓN
campo de control 20160831130130.0
008 - LONGITUD FIJA
campo de control de longitud fija 150721b xxu||||| |||| 00| 0 spa d
041 ## - IDIOMA
Código de idioma del texto/pista de sonido o título separado
082 ## - CLASIFICACIÓN DECIMAL DEWEY
Número de clasificación 004.67 D975a
100 ## - AUTOR PERSONAL
Nombre de persona Duthie, Andrew G.
245 ## - TÍTULO PROPIAMENTE DICHO
Título Aprenda ya Microsoft ASP.NET
260 ## - PIE DE IMPRENTA
Lugar de publicación, distribución, etc. México
Nombre del editor, distribuidor, etc. McGraw-Hill
Fecha de publicación, distribución, etc. 2002
300 ## - DESCRIPCIÓN FÍSICA
Extensión 458 páginas
500 ## - NOTA GENERAL
Nota general Contiene disco compacto No. 346
650 ## - Materia General
Materia general REDES DE COMPUTADORES
650 ## - Materia General
Materia general ACTIVE SERVER PAGES.NET
650 ## - Materia General
Materia general ASP.NET
650 ## - Materia General
Materia general WEB ASP.NET
650 ## - Materia General
Materia general WEB FORM
942 ## - Punto de Acceso Adicional Koha
Tipo de ítem Koha Libro
Existencias
Estado perdido Estado dañado No para préstamo Biblioteca permanente Biblioteca actual Signatura completa Código de barras Tipo de ítem Precio efectivo a partir del
      Departamento de Biblioteca y Documentación Alfonso Chase Brenes Departamento de Biblioteca y Documentación Alfonso Chase Brenes 004.67 D975a 11511 Libro  
      Departamento de Biblioteca y Documentación Alfonso Chase Brenes Departamento de Biblioteca y Documentación Alfonso Chase Brenes 004.67 D975a 11512 Libro 06/05/2016
      Departamento de Biblioteca y Documentación Alfonso Chase Brenes Departamento de Biblioteca y Documentación Alfonso Chase Brenes 004.67 D975a 11513 Libro 06/05/2016
      Departamento de Biblioteca y Documentación Alfonso Chase Brenes Departamento de Biblioteca y Documentación Alfonso Chase Brenes 004.67 D975a 11514 Libro 06/05/2016